|
|
|
|
| LEADER |
00000nkmaa2200000 a 4500 |
| 001 |
vtls011925966 |
| 003 |
SK-MaSNL |
| 005 |
20260301230210.0 |
| 007 |
kh ao |
| 008 |
230802s1880 xx | |||0 k|slo |
| 035 |
|
|
|a 08ABCA69-ABBD-4595-8C6B-859D1915E2D0
|
| 035 |
|
|
|a urn:nbn:sk:snk-km43hwl
|
| 035 |
|
|
|a urn:nbn:sk:snk-km00e7w4
|
| 040 |
|
|
|a SNKLA
|b slo
|c SNKLA
|e AACR2
|
| 041 |
0 |
|
|a slo
|
| 044 |
|
|
|a xx
|
| 245 |
0 |
0 |
|a [Mudroň, Pavol]
|h grafika
|
| 260 |
|
|
|a [S.l.
|b s.n.]
|c [1880]
|
| 300 |
|
|
|a 1 fotografia
|b v hnedom tóne
|c 11 x 7 cm
|
| 520 |
2 |
|
|a Zobrazenie: Podobizeň politika, národnokultúrneho pracovníka, právnika Pavla Mudroňa z roku 1880 (9.12.1835 Čabradský Vrbovok - 9.3.1914 Český Tĕšín, Česko, poch. v Martine).
|
| 600 |
1 |
7 |
|a Mudroň, Pavol,
|d 1835-1914
|2 SNKMA
|9 189404
|
| 655 |
|
7 |
|a portrétne fotografie
|2 SNKPH
|9 305796
|
| 852 |
|
|
|a Slovenská národná knižnica
|b Literárny archív
|
| 852 |
7 |
|
|a Slovenská národná knižnica
|b Literárny archív
|
| 958 |
|
|
|a ZO
|
| 958 |
|
|
|a BLA
|
| 999 |
|
|
|c 953881
|d 955811
|
| 952 |
|
|
|a SNKLA
|b SNKLA
|c SNKLA_DEP
|y NEVYP
|7 0
|p 17A1310890
|o snkSM 78/26
|i snkLA 227/1967
|0 0
|1 0
|4 0
|d 2020-03-30
|f 1
|l 0
|r 2026-02-24 09:56:19
|w 2026-02-24
|